Ecology and silviculture of calamus manan in Peninsular Malaysia

Bibliographic Details
Main Author: AMINUDDIN bin Mohamad
Format: Book
Published: Bangor, Wales : University of Wales , 1990
Subjects:

MARC

LEADER 00000cam a2200000 7i4500
001 0000002479
005 20030701.0
090 0 0 |a R THE584.5095951   |b AMI 1990 
100 0 0 |a AMINUDDIN bin Mohamad 
245 1 0 |a Ecology and silviculture of calamus manan in Peninsular Malaysia   |c by Aminuddin bin Mohamad 
260 0 0 |a Bangor, Wales :   |b University of Wales ,   |c 1990 
300 |a xix. 245 p. :   |b ill., i folded map ;   |c 30 cm. 
500 0 0 |a Bibliography : p. 196-220 
500 0 0 |a Thesis (PhD) - University of Wales 
650 0 0 |a Rattan   |z Peninsular Malaysia 
998 |a JPSM 
999 |a 000004634   |b Thesis   |c Reference   |e Default branch